1808 1830 1630 1416 1929 1484 1176 1662 1397 1887 1372 1921 1193 1159 1828 1778 1094 1685 1729 1924 1044 1338 1687 1601 1897 1538 1059 1628 1184 1837 1105 1648 1220 1924 1433 1607 1254 1698 1945 1024 1787 1110 1020 1098 1525 1217 1548 1831 1196 1719 1600 1106 1269 1795 1103 1056 1382 1736 1905 1608 1769 1060 1689 1086 1645 1515 1129 1099 1426 1613 1714 1420 1836 1499 1990 1170 1932 1076 1122 1506 1968 1011 1642 1496 1004 1598 1778 1815 1173 1354 1420 1922 1756 1973 1160 1645 1498 1224 1768 BCNSPRNW ULIB Ver.6.0+V

เปลี่ยนเป็นภาษาไทย

Change to English
 แสดงรายละเอียดบรรณานุกรม
  กลับหน้าหลัก

Brief Record : Get Marc (ISO 2709) : E-mail record : QR code < ปิดหน้าต่าง
LEADER : 00000nam 2200000uu 4500
001    13399121589
003     ULIB
008    121126s2551||||th 000 0 tha d
020    ^a9789743197710
060 04 ^aWT100^bช362ส
100 0  ^aชัญวลี ศรีสุโข
245 10 ^aวัยทอง /^cชัญวลี ศรีสุโข
246 34 ^aสุขภาพดี วัยทอง
250    ^aพิมพ์ครั้งที่ 1
260    ^aกรุงเทพฯ :^bอมรินทร์สุขภาพ,^c2551
300    ^a145, [2] หน้า :^bภาพประกอบ ;^c21 ซม
440  0 ^a ชุดชีวิตและสุขภาพ ;^vลำดับที่ 110
505 0  ^aอาการของวัยทอง -- เมื่อวัยทองมาถึงเร็วเกินไปภาวะกระดูกพรุนและโรคหัวใจในคนวัยทอง -- การรับมือกับวัยทอง -- รับมือกับปัญหาวัยทองเฉพาะราย -- วัยทองในคุณผู้ชาย
650  7 ^aวัยหมดระดู
650  7 ^aผู้หญิงวัยทอง^xสุขภาพและอนามัย
650  7 ^aผู้ชายวัยทอง^xสุขภาพและอนามัย
945    ^p129^l0^i16503
995    ^a วิภา
999 ^a ใช้งานได้ทุกระบบ
รายการนี้ยังไม่มีแท็ก
คุณยังไม่ได้ล็อกอิน คุณสามารถมีกิจกรรมร่วมกับเว็บไซต์ได้ แต่ต้องล็อกอินก่อน ::
  ล็อกอิน

รายการสื่อสารสนเทศ

ลำดับที่ ประเภท เลขเรียก/บาร์โค้ด สถานที่ สถานะ
- ไม่พบข้อมูล -

รายการใกล้เคียง
    ผู้แต่ง [ชัญวลี ศรีสุโข]

    หัวเรื่อง [วัยหมดระดู]

BibComment


ยังไม่เคยถูกคอมเมนท์

คอมเมนท์ทรัพยากรรายการนี้
  คอมเมนท์: วัยทอง ชัญวลี ศ..


 Copyright 2026. Bcnsprnw @Library